Mcgraw-hill concise encyclopedia of engineering
Hundreds of well-illustrated articles explore the most important fields of science. Based on content from the McGraw-Hill Concise Encyclopedia of Science & Technooogy, Fifth Edition, the most widely used and respected science reference of its kind in print, each of these subject-specific quick-r...
में बचाया:
| स्वरूप: | पुस्तक |
|---|---|
| भाषा: | Undetermined |
| प्रकाशित: |
New York
McGraw-Hill
2005
|
| विषय: | |
| टैग : |
टैग जोड़ें
कोई टैग नहीं, इस रिकॉर्ड को टैग करने वाले पहले व्यक्ति बनें!
|
| Thư viện lưu trữ: | Trung tâm Học liệu Trường Đại học Cần Thơ |
|---|
| LEADER | 00932nam a2200193Ia 4500 | ||
|---|---|---|---|
| 001 | CTU_94293 | ||
| 008 | 210402s9999 xx 000 0 und d | ||
| 020 | |c 399000 | ||
| 082 | |a 620.003 | ||
| 082 | |b M478 | ||
| 245 | 0 | |a Mcgraw-hill concise encyclopedia of engineering | |
| 260 | |a New York | ||
| 260 | |b McGraw-Hill | ||
| 260 | |c 2005 | ||
| 520 | |a Hundreds of well-illustrated articles explore the most important fields of science. Based on content from the McGraw-Hill Concise Encyclopedia of Science & Technooogy, Fifth Edition, the most widely used and respected science reference of its kind in print, each of these subject-specific quick-reference guides features: Detailed, well-illustrated explanations, not just definitions, Hundreds of concise yet authoritative articles in each volume | ||
| 650 | |a Engineering | ||
| 650 | |x Encyclopedias | ||
| 904 | |i Truc | ||
| 980 | |a Trung tâm Học liệu Trường Đại học Cần Thơ | ||